[Event "1st 4NCL Easter Congress"]
[Site "Stevenage"]
[Date "2019.04.20"]
[Round "3"]
[Board "13"]
[White "Ratnesan, Ranesh"]
[Black "Stannard, Anthony S"]
[Result "1-0"]
[WhiteElo "2116"]
[BlackElo "1916"]
[PlyCount "0"]
[EventDate "2019.04.19"]
[EventRounds "7"]
[EventCountry "ENG"]

1. d4 {[%clk 01:30:58]} {[%emt 00:00:01]} e6 {[%clk 01:30:53]} {[%emt
00:00:08]} 2. c4 {[%clk 01:31:06]} {[%emt 00:00:22]} f5 {[%clk 01:31:12]}
{[%emt 00:00:10]} 3. Nc3 {[%clk 01:30:30]} {[%emt 00:01:06]} Nf6 {[%clk
01:31:14]} {[%emt 00:00:29]} 4. g3 {[%clk 01:30:48]} {[%emt 00:00:12]} Bb4
{[%clk 01:31:21]} {[%emt 00:00:23]} 5. Bg2 {[%clk 01:30:30]} {[%emt 00:00:48]}
O-O {[%clk 01:31:37]} {[%emt 00:00:14]} 6. Nf3 {[%clk 01:30:36]} {[%emt
00:00:24]} d6 {[%clk 01:29:13]} {[%emt 00:02:54]} 7. Bd2 {[%clk 01:28:59]}
{[%emt 00:02:06]} Nc6 {[%clk 01:22:55]} {[%emt 00:06:48]} 8. Qb3 {[%clk
01:24:24]} {[%emt 00:05:05]} a5 {[%clk 01:20:34]} {[%emt 00:02:52]} 9. O-O
{[%clk 01:17:15]} {[%emt 00:07:38]} e5 {[%clk 01:18:20]} {[%emt 00:02:44]} 10.
c5+ {[%clk 01:04:08]} {[%emt 00:13:37]} Kh8 {[%clk 01:18:02]} {[%emt 00:00:48]}
11. cxd6 {[%clk 01:04:04]} {[%emt 00:00:35]} cxd6 {[%clk 01:14:20]} {[%emt
00:04:12]} 12. dxe5 {[%clk 00:44:46]} {[%emt 00:19:47]} dxe5 {[%clk 01:14:11]}
{[%emt 00:00:39]} 13. Rad1 {[%clk 00:42:59]} {[%emt 00:02:17]} Qe7 {[%clk
01:03:33]} {[%emt 00:11:08]} 14. Bg5 {[%clk 00:38:23]} {[%emt 00:05:07]} Be6
{[%clk 01:01:38]} {[%emt 00:02:24]} 15. Qc2 {[%clk 00:33:25]} {[%emt 00:05:29]}
Bxc3 {[%clk 00:49:44]} {[%emt 00:12:24]} 16. bxc3 {[%clk 00:32:44]} {[%emt
00:01:11]} Qa3 {[%clk 00:48:41]} {[%emt 00:01:33]} 17. Rb1 {[%clk 00:25:46]}
{[%emt 00:07:28]} Rab8 {[%clk 00:35:44]} {[%emt 00:13:28]} 18. Bxf6 {[%clk
00:18:04]} {[%emt 00:08:11]} Rxf6 {[%clk 00:31:54]} {[%emt 00:04:20]} 19. Ng5
{[%clk 00:18:13]} {[%emt 00:00:21]} Bxa2 {[%clk 00:31:43]} {[%emt 00:00:40]} 20.
Ra1 {[%clk 00:18:29]} {[%emt 00:00:15]} Bb3 {[%clk 00:28:25]} {[%emt 00:03:48]}
21. Qb1 {[%clk 00:18:48]} {[%emt 00:00:11]} Ba2 {[%clk 00:25:59]} {[%emt
00:02:56]} 22. Qxa2 {[%clk 00:18:48]} {[%emt 00:00:29]} Qxc3 {[%clk 00:26:12]}
{[%emt 00:00:17]} 23. Nf7+ {[%clk 00:18:59]} {[%emt 00:00:19]} Kg8 {[%clk
00:25:55]} {[%emt 00:00:47]} 24. Nxe5+ {[%clk 00:19:18]} {[%emt 00:00:11]} Kh8
{[%clk 00:26:14]} {[%emt 00:00:11]} 25. Nf7+ {[%clk 00:19:35]} {[%emt
00:00:14]} Kg8 {[%clk 00:26:35]} {[%emt 00:00:09]} 26. Ne5+ {[%clk 00:19:59]}
{[%emt 00:00:06]} Kh8 {[%clk 00:26:52]} {[%emt 00:00:12]} 27. Nd7 {[%clk
00:20:23]} {[%emt 00:00:07]}  1-0

[Event "1st 4NCL Easter Congress"]
[Site "Stevenage"]
[Date "2019.04.20"]
[Round "3"]
[Board "14"]
[White "Mccullough, Simon L"]
[Black "Jaufarally, Nadia"]
[Result "1-0"]
[WhiteElo "2083"]
[BlackElo "1859"]
[PlyCount "0"]
[EventDate "2019.04.19"]
[EventRounds "7"]
[EventCountry "ENG"]

1. Nf3 {[%emt 00:18:11]} c5 {[%emt 00:00:21]} 2. g3 {[%emt 00:00:19]} Nf6
{[%emt 00:00:14]} 3. Bg2 {[%emt 00:00:07]} g6 {[%emt 00:00:08]} 4. O-O {[%emt
00:00:11]} Bg7 {[%emt 00:00:05]} 5. d4 {[%clk 01:31:09]} {[%emt 00:01:08]} cxd4
{[%clk 01:29:45]} {[%emt 00:02:28]} 6. Nxd4 {[%clk 01:31:30]} {[%emt 00:00:09]}
O-O {[%emt 00:00:20]} 7. c4 {[%emt 00:02:46]} d6 {[%emt 00:03:42]} 8. Nc3
{[%emt 00:00:44]} Nbd7 {[%emt 00:00:23]} 9. b3 {[%emt 00:00:43]} Nc5 {[%emt
00:03:11]} 10. Bb2 {[%emt 00:00:29]} Rb8 {[%emt 00:04:09]} 11. Rc1 {[%emt
00:10:12]} Bd7 {[%emt 00:01:31]} 12. Qd2 {[%emt 00:03:16]} a6 {[%emt 00:10:05]}
13. Rfd1 {[%emt 00:05:32]} Re8 {[%emt 00:06:00]} 14. Ba1 {[%emt 00:22:52]} Qa5
{[%emt 00:04:27]} 15. Nc2 {[%emt 00:01:17]} Qc7 {[%emt 00:04:34]} 16. Ne3
{[%emt 00:04:27]} Bc6 {[%emt 00:10:18]} 17. Ncd5 {[%emt 00:13:52]} Nxd5 {[%emt
00:00:38]} 18. cxd5 {[%emt 00:00:36]} Bxa1 {[%emt 00:08:48]} 19. dxc6 {[%emt
00:00:08]} Bg7 {[%emt 00:06:15]} 20. Nd5 {[%emt 00:01:38]} Qc8 {[%emt
00:00:19]} 21. c7 {[%emt 00:00:43]} Ra8 {[%emt 00:00:40]} 22. Nb6 {[%emt
00:00:05]}  1-0

[Event "1st 4NCL Easter Congress"]
[Site "Stevenage"]
[Date "2019.04.20"]
[Round "3"]
[Board "15"]
[White "Luberto, Michael"]
[Black "Okhai, Shabir"]
[Result "1-0"]
[WhiteElo "1930"]
[BlackElo "2073"]
[PlyCount "0"]
[EventDate "2019.04.19"]
[EventRounds "7"]
[EventCountry "ENG"]

1. e4 {[%clk 01:23:05]} {[%emt 00:07:54]} e5 {[%clk 01:30:44]} {[%emt
00:00:16]} 2. Nf3 {[%clk 01:23:26]} {[%emt 00:00:09]} Nc6 {[%clk 01:31:09]}
{[%emt 00:00:07]} 3. Bb5 {[%clk 01:23:45]} {[%emt 00:00:10]} a6 {[%clk
01:31:32]} {[%emt 00:00:07]} 4. Ba4 {[%clk 01:24:13]} {[%emt 00:00:02]} Nf6
{[%clk 01:31:56]} {[%emt 00:00:06]} 5. O-O {[%clk 01:24:37]} {[%emt 00:00:06]}
Be7 {[%clk 01:32:22]} {[%emt 00:00:03]} 6. Qe2 {[%clk 01:24:47]} {[%emt
00:00:20]} b5 {[%clk 01:32:06]} {[%emt 00:00:46]} 7. Bb3 {[%clk 01:25:14]}
{[%emt 00:00:03]} O-O {[%clk 01:31:15]} {[%emt 00:01:22]} 8. c3 {[%clk
01:25:35]} {[%emt 00:00:10]} d6 {[%clk 01:28:53]} {[%emt 00:02:51]} 9. h3
{[%clk 01:26:00]} {[%emt 00:00:05]} Na5 {[%clk 01:28:38]} {[%emt 00:00:45]} 10.
Bc2 {[%clk 01:26:27]} {[%emt 00:00:03]} c5 {[%clk 01:29:02]} {[%emt 00:00:05]}
11. Rd1 {[%clk 01:26:52]} {[%emt 00:00:05]} Qc7 {[%clk 01:29:19]} {[%emt
00:00:14]} 12. d3 {[%clk 01:26:53]} {[%emt 00:00:30]} Re8 {[%clk 01:28:21]}
{[%emt 00:01:27]} 13. Nbd2 {[%clk 01:24:48]} {[%emt 00:02:33]} Bf8 {[%clk
01:28:01]} {[%emt 00:00:52]} 14. Nf1 {[%clk 01:20:47]} {[%emt 00:04:30]} g6
{[%clk 01:26:48]} {[%emt 00:01:43]} 15. Bg5 {[%clk 01:20:15]} {[%emt 00:01:01]}
Bg7 {[%clk 01:25:57]} {[%emt 00:01:22]} 16. Qd2 {[%clk 01:19:55]} {[%emt
00:00:50]} Be6 {[%clk 01:22:22]} {[%emt 00:04:05]} 17. Bh6 {[%clk 01:16:31]}
{[%emt 00:03:54]} Rad8 {[%clk 01:16:29]} {[%emt 00:06:23]} 18. Qg5 {[%clk
01:13:11]} {[%emt 00:03:50]} Nh5 {[%clk 01:13:57]} {[%emt 00:03:03]} 19. Bxg7
{[%clk 01:10:36]} {[%emt 00:03:05]} Kxg7 {[%clk 01:11:33]} {[%emt 00:02:54]} 20.
Qe3 {[%clk 01:09:59]} {[%emt 00:01:06]} Nf4 {[%clk 01:07:51]} {[%emt 00:04:12]}
21. Kh2 {[%clk 01:10:27]} {[%emt 00:00:03]} Qc8 {[%clk 01:06:53]} {[%emt
00:01:28]} 22. Ng1 {[%clk 01:07:37]} {[%emt 00:03:20]} d5 {[%clk 00:59:18]}
{[%emt 00:08:05]} 23. Ng3 {[%clk 01:05:56]} {[%emt 00:02:10]} d4 {[%clk
00:56:41]} {[%emt 00:03:07]} 24. Qd2 {[%clk 01:06:23]} {[%emt 00:00:03]} Nc6
{[%clk 00:55:20]} {[%emt 00:01:51]} 25. N3e2 {[%clk 01:05:17]} {[%emt
00:01:35]} dxc3 {[%clk 00:50:18]} {[%emt 00:05:34]} 26. bxc3 {[%clk 01:05:40]}
{[%emt 00:00:07]} Nxe2 {[%clk 00:47:22]} {[%emt 00:03:26]} 27. Qxe2 {[%clk
01:05:59]} {[%emt 00:00:11]} Rd6 {[%clk 00:46:23]} {[%emt 00:01:29]} 28. Qe3
{[%clk 01:02:30]} {[%emt 00:03:58]} Ne7 {[%clk 00:41:45]} {[%emt 00:05:08]} 29.
Nf3 {[%clk 01:00:29]} {[%emt 00:02:31]} f6 {[%clk 00:41:44]} {[%emt 00:00:31]}
30. Bb3 {[%clk 01:00:11]} {[%emt 00:00:47]} Red8 {[%clk 00:37:57]} {[%emt
00:04:18]} 31. Bxe6 {[%clk 00:58:09]} {[%emt 00:02:32]} Rxe6 {[%clk 00:37:27]}
{[%emt 00:01:00]} 32. a4 {[%clk 00:57:48]} {[%emt 00:00:52]} b4 {[%clk
00:34:38]} {[%emt 00:03:19]} 33. Rac1 {[%clk 00:53:31]} {[%emt 00:04:46]} Rc6
{[%clk 00:32:35]} {[%emt 00:02:33]} 34. Nd2 {[%clk 00:53:56]} {[%emt 00:00:06]}
Qc7 {[%clk 00:25:09]} {[%emt 00:07:56]} 35. Nc4 {[%clk 00:53:58]} {[%emt
00:00:27]} Nc8 {[%clk 00:22:33]} {[%emt 00:03:06]} 36. Qe1 {[%clk 00:49:59]}
{[%emt 00:04:29]} a5 {[%clk 00:22:04]} {[%emt 00:01:00]} 37. Ne3 {[%clk
00:47:36]} {[%emt 00:02:52]} Nb6 {[%clk 00:22:00]} {[%emt 00:00:35]} 38. c4
{[%clk 00:46:01]} {[%emt 00:02:05]} Nxa4 {[%clk 00:20:05]} {[%emt 00:02:25]} 39.
Nd5 {[%clk 00:46:28]} {[%emt 00:00:01]} Qa7 {[%clk 00:19:58]} {[%emt 00:00:38]}
40. f4 {[%clk 00:46:50]} {[%emt 00:00:08]} Nb6 {[%clk 00:18:31]} {[%emt
00:01:57]} 41. fxe5 {[%clk 00:46:36]} {[%emt 00:00:43]} Qb8 {[%clk 00:17:11]}
{[%emt 00:01:51]} 42. Kh1 {[%clk 00:44:11]} {[%emt 00:02:56]} Qxe5 {[%clk
00:17:15]} {[%emt 00:00:26]} 43. Ra1 {[%clk 00:39:15]} {[%emt 00:05:25]} Ra8
{[%clk 00:16:34]} {[%emt 00:01:11]} 44. Rdb1 {[%clk 00:38:46]} {[%emt
00:00:58]} Nd7 {[%clk 00:14:21]} {[%emt 00:02:44]} 45. Ra4 {[%clk 00:37:22]}
{[%emt 00:01:54]} Nb6 {[%clk 00:13:03]} {[%emt 00:01:48]} 46. Raa1 {[%clk
00:36:56]} {[%emt 00:00:57]} Nxd5 {[%clk 00:11:37]} {[%emt 00:01:56]} 47. cxd5
{[%clk 00:37:15]} {[%emt 00:00:11]} Rb6 {[%clk 00:10:44]} {[%emt 00:01:22]} 48.
Ra4 {[%clk 00:35:29]} {[%emt 00:02:16]} Rb5 {[%clk 00:09:21]} {[%emt 00:01:52]}
49. Qf1 {[%clk 00:32:45]} {[%emt 00:03:14]} Qd4 {[%clk 00:07:30]} {[%emt
00:02:22]} 50. Rc1 {[%clk 00:32:49]} {[%emt 00:00:25]} Rbb8 {[%clk 00:05:18]}
{[%emt 00:02:43]} 51. Rc4 {[%clk 00:32:04]} {[%emt 00:01:15]} Qe3 {[%clk
00:05:38]} {[%emt 00:00:10]} 52. Ra1 {[%clk 00:32:30]} {[%emt 00:00:04]} b3
{[%clk 00:04:50]} {[%emt 00:01:18]} 53. Re1 {[%clk 00:32:20]} {[%emt 00:00:40]}
Qg5 {[%clk 00:04:38]} {[%emt 00:00:42]} 54. Rxc5 {[%clk 00:32:10]} {[%emt
00:00:40]} b2 {[%clk 00:03:46]} {[%emt 00:01:22]} 55. e5 {[%clk 00:32:29]}
{[%emt 00:00:11]} Rc8 {[%clk 00:03:06]} {[%emt 00:01:10]} 56. Qf2 {[%clk
00:21:56]} {[%emt 00:11:03]} Qxe5 {[%clk 00:02:12]} 57. Rxe5 {[%clk 00:21:56]}
b1=Q+ {[%clk 00:02:12]} 58. Re1 {[%clk 00:21:56]} Qb6 {[%clk 00:02:12]} 59.
Re7+ {[%clk 00:21:56]} Kh6 {[%clk 00:02:12]} 60. Qh4# {[%clk 00:21:56]}  1-0

[Event "1st 4NCL Easter Congress"]
[Site "Stevenage"]
[Date "2019.04.20"]
[Round "3"]
[Board "16"]
[White "Stubbs, Oliver"]
[Black "See, Tristian"]
[Result "1/2-1/2"]
[WhiteElo "1873"]
[BlackElo "1978"]
[PlyCount "0"]
[EventDate "2019.04.19"]
[EventRounds "7"]
[EventCountry "ENG"]

1. d4 {[%clk 01:30:58]} {[%emt 00:00:02]} d5 {[%clk 01:30:53]} {[%emt
00:00:07]} 2. Bf4 {[%clk 01:31:23]} {[%emt 00:00:05]} Nf6 {[%clk 01:31:15]}
{[%emt 00:00:09]} 3. e3 {[%clk 01:31:49]} {[%emt 00:00:04]} e6 {[%clk
01:31:33]} {[%emt 00:00:11]} 4. Nf3 {[%clk 01:32:09]} {[%emt 00:00:10]} Bd6
{[%clk 01:31:23]} {[%emt 00:00:41]} 5. Bg3 {[%clk 01:32:33]} {[%emt 00:00:06]}
O-O {[%clk 01:29:56]} {[%emt 00:01:57]} 6. Nbd2 {[%clk 01:32:58]} {[%emt
00:00:04]} c5 {[%clk 01:30:02]} {[%emt 00:00:25]} 7. c3 {[%clk 01:33:22]}
{[%emt 00:00:05]} Qc7 {[%clk 01:29:28]} {[%emt 00:01:04]} 8. Ne5 {[%clk
01:30:39]} {[%emt 00:03:14]} Nbd7 {[%clk 01:26:53]} {[%emt 00:03:06]} 9. f4
{[%clk 01:30:13]} {[%emt 00:00:55]} Ne4 {[%clk 01:23:52]} {[%emt 00:03:30]} 10.
Bd3 {[%clk 01:22:05]} {[%emt 00:08:38]} f5 {[%clk 01:21:46]} {[%emt 00:02:36]}
11. O-O {[%clk 01:19:36]} {[%emt 00:03:00]} Nxg3 {[%clk 01:11:11]} {[%emt
00:11:05]} 12. hxg3 {[%clk 01:19:55]} {[%emt 00:00:10]} Qb6 {[%clk 01:11:16]}
{[%emt 00:00:25]} 13. Qb3 {[%clk 01:02:29]} {[%emt 00:17:57]} c4 {[%clk
01:08:57]} {[%emt 00:02:48]} 14. Qxb6 {[%clk 01:02:53]} {[%emt 00:00:07]} axb6
{[%clk 01:09:17]} {[%emt 00:00:10]} 15. Nxd7 {[%clk 01:02:37]} {[%emt
00:00:46]} Bxd7 {[%clk 01:09:40]} {[%emt 00:00:07]} 16. Be2 {[%clk 01:02:53]}
{[%emt 00:00:14]} b5 {[%clk 01:08:53]} {[%emt 00:01:17]} 17. a3 {[%clk
01:03:19]} {[%emt 00:00:04]} g5 {[%clk 01:01:27]} {[%emt 00:07:55]} 18. Nf3
{[%clk 00:53:16]} {[%emt 00:10:33]} g4 {[%clk 00:51:24]} {[%emt 00:10:34]} 19.
Ne5 {[%clk 00:53:18]} {[%emt 00:00:28]} Be8 {[%clk 00:51:28]} {[%emt 00:00:26]}
20. Kf2 {[%clk 00:51:30]} {[%emt 00:02:17]} Kg7 {[%emt 00:15:31]} 21. Rfc1
{[%clk 00:36:42]} h5 {[%clk 00:46:43]} {[%emt 00:05:33]} 22. Ke1 {[%clk
00:36:53]} {[%emt 00:00:18]} Rh8 {[%clk 00:46:02]} {[%emt 00:01:11]} 23. Kd2
{[%clk 00:37:19]} {[%emt 00:00:04]} Rh7 {[%clk 00:40:50]} {[%emt 00:05:42]} 24.
Rh1 {[%clk 00:35:59]} {[%emt 00:01:50]} Be7 {[%clk 00:39:26]} {[%emt 00:01:54]}
25. Rac1 {[%clk 00:33:07]} {[%emt 00:03:22]} Bc6 {[%clk 00:37:45]} {[%emt
00:02:11]} 26. Rh2 {[%clk 00:27:59]} {[%emt 00:05:38]} Rah8 {[%clk 00:35:59]}
{[%emt 00:02:17]} 27. Rch1 {[%clk 00:28:25]} {[%emt 00:00:03]} h4 {[%clk
00:36:12]} {[%emt 00:00:17]} 28. Bd1 Be8 {[%clk 00:36:12]} 29. gxh4 Bxh4 {[%clk
00:36:12]} 30. Ke2 Bg3 {[%clk 00:36:12]} 31. Rxh7+ Rxh7 {[%clk 00:36:12]} 32.
Rxh7+ Kxh7 {[%clk 00:36:12]} 33. Kf1 Kg7 {[%clk 00:36:12]} 34. Bc2 Kf6 {[%clk
00:36:12]} 35. Bd1 Ke7 {[%clk 00:36:12]} 36. Be2 Bh4 {[%clk 00:36:12]} 37. Bd1
Bf6 {[%clk 00:36:12]} 38. Kf2 Bh5 {[%clk 00:36:12]} 39. g3 Be8 {[%clk
00:36:12]}  1/2-1/2

[Event "1st 4NCL Easter Congress"]
[Site "Stevenage"]
[Date "2019.04.20"]
[Round "3"]
[Board "17"]
[White "Woltery, Nicolai"]
[Black "Cocks, Elliot"]
[Result "1-0"]
[WhiteElo "1865"]
[BlackElo "1944"]
[PlyCount "0"]
[EventDate "2019.04.19"]
[EventRounds "7"]
[EventCountry "ENG"]

1. d4 {[%clk 01:30:13]} {[%emt 00:00:46]} Nf6 {[%clk 01:30:31]} {[%emt
00:00:29]} 2. c4 {[%clk 01:30:37]} {[%emt 00:00:07]} c6 {[%clk 01:30:55]}
{[%emt 00:00:05]} 3. Nc3 {[%clk 01:31:02]} {[%emt 00:00:06]} d5 {[%clk
01:31:17]} {[%emt 00:00:06]} 4. cxd5 {[%clk 01:31:21]} {[%emt 00:00:12]} cxd5
{[%clk 01:31:38]} {[%emt 00:00:09]} 5. Bf4 {[%clk 01:31:30]} {[%emt 00:00:21]}
Nc6 {[%clk 01:31:29]} {[%emt 00:00:39]} 6. e3 {[%clk 01:31:47]} {[%emt
00:00:13]} a6 {[%clk 01:31:53]} {[%emt 00:00:07]} 7. Be2 {[%clk 01:32:11]}
{[%emt 00:00:05]} Bf5 {[%clk 01:30:04]} {[%emt 00:02:19]} 8. Nf3 {[%clk
01:32:20]} {[%emt 00:00:22]} e6 {[%clk 01:29:50]} {[%emt 00:00:44]} 9. Qb3
{[%clk 01:32:17]} {[%emt 00:00:32]} Nb4 {[%clk 01:22:30]} {[%emt 00:07:51]} 10.
Rc1 {[%clk 01:11:16]} {[%emt 00:21:31]} Be7 {[%clk 01:08:40]} {[%emt 00:14:20]}
11. Ne5 {[%clk 01:05:17]} {[%emt 00:06:28]} O-O {[%clk 01:06:44]} {[%emt
00:02:26]} 12. O-O {[%clk 01:03:16]} {[%emt 00:02:32]} Nd7 {[%clk 01:03:52]}
{[%emt 00:03:21]} 13. Nxd7 {[%clk 01:00:32]} {[%emt 00:03:14]} Qxd7 {[%clk
01:04:14]} {[%emt 00:00:08]} 14. Na4 {[%clk 01:00:37]} {[%emt 00:00:26]} Qd8
{[%clk 00:49:41]} {[%emt 00:15:03]} 15. a3 {[%clk 00:30:05]} {[%emt 00:31:01]}
Nc6 {[%clk 00:36:23]} {[%emt 00:13:48]} 16. Qxb7 {[%clk 00:29:13]} {[%emt
00:01:23]} Na5 {[%clk 00:36:19]} {[%emt 00:00:33]} 17. Qb6 {[%clk 00:28:19]}
{[%emt 00:01:24]} Nc4 {[%clk 00:32:49]} {[%emt 00:04:00]} 18. Qxd8 {[%clk
00:21:33]} {[%emt 00:07:16]} Raxd8 {[%clk 00:31:59]} 19. Bxc4 {[%clk 00:20:49]}
{[%emt 00:02:35]} dxc4 {[%clk 00:32:21]} {[%emt 00:00:08]} 20. Nb6 {[%clk
00:20:45]} {[%emt 00:00:33]} Bd6 {[%clk 00:31:23]} {[%emt 00:01:28]} 21. Bxd6
Rxd6 {[%clk 00:31:23]} 22. Nxc4 Rd7 {[%clk 00:31:23]} 23. Rc3 f6 {[%clk
00:31:23]} 24. Rfc1 Rb8 {[%clk 00:31:23]} 25. h3 Be4 {[%clk 00:31:23]} 26. Nd2
Bd5 {[%clk 00:31:23]} 27. Rc8+ Rxc8 {[%clk 00:31:23]} 28. Rxc8+ Kf7 {[%clk
00:31:23]} 29. Nc4 Bb7 {[%clk 00:31:23]} 30. Nd6+ Kg6 {[%clk 00:31:23]} 31.
Nxb7 Rxb7 {[%clk 00:31:23]} 32. Rc6 Kf7 {[%clk 00:31:23]} 33. Rxa6 Rxb2 {[%clk
00:31:23]} 34. g4  1-0

[Event "1st 4NCL Easter Congress"]
[Site "Stevenage"]
[Date "2019.04.20"]
[Round "3"]
[Board "18"]
[White "Garnett, John S"]
[Black "Johnson, Paul A"]
[Result "1/2-1/2"]
[WhiteElo "1921"]
[BlackElo "1804"]
[PlyCount "0"]
[EventDate "2019.04.19"]
[EventRounds "7"]
[EventCountry "ENG"]

1. d4 {[%clk 01:30:58]} {[%emt 00:00:02]} d5 {[%clk 01:30:43]} {[%emt
00:00:17]} 2. c4 {[%clk 01:31:19]} {[%emt 00:00:09]} e6 {[%clk 01:31:02]}
{[%emt 00:00:11]} 3. Nc3 {[%clk 01:31:32]} {[%emt 00:00:17]} Nf6 {[%clk
01:31:18]} {[%emt 00:00:14]} 4. Bg5 {[%clk 01:31:29]} {[%emt 00:00:34]} Be7
{[%clk 01:31:34]} {[%emt 00:00:14]} 5. cxd5 {[%clk 01:31:33]} {[%emt 00:00:25]}
exd5 {[%clk 01:31:49]} {[%emt 00:00:15]} 6. e3 {[%clk 01:31:45]} {[%emt
00:00:19]} c6 {[%clk 01:32:03]} {[%emt 00:00:16]} 7. Bd3 {[%clk 01:31:40]}
{[%emt 00:00:34]} O-O {[%clk 01:32:11]} {[%emt 00:00:22]} 8. Qc2 {[%clk
01:31:26]} {[%emt 00:00:45]} Nbd7 {[%clk 01:32:28]} {[%emt 00:00:12]} 9. Nf3
{[%clk 01:31:17]} {[%emt 00:00:39]} Re8 {[%clk 01:31:50]} {[%emt 00:01:08]} 10.
O-O {[%clk 01:31:11]} {[%emt 00:00:37]} Nf8 {[%clk 01:30:29]} {[%emt 00:01:51]}
11. Rab1 {[%clk 01:30:24]} {[%emt 00:01:17]} Ne4 {[%clk 01:29:58]} {[%emt
00:01:01]} 12. Bf4 {[%clk 01:28:32]} {[%emt 00:02:21]} Nxc3 {[%clk 01:28:52]}
{[%emt 00:01:37]} 13. bxc3 {[%clk 01:28:16]} {[%emt 00:00:46]} Bd6 {[%clk
01:27:37]} {[%emt 00:01:44]} 14. Bxd6 {[%clk 01:27:49]} {[%emt 00:00:58]} Qxd6
{[%clk 01:28:02]} {[%emt 00:00:05]} 15. c4 {[%clk 01:27:24]} {[%emt 00:00:55]}
Re7 {[%clk 01:25:12]} {[%emt 00:03:19]} 16. cxd5 {[%clk 01:26:04]} {[%emt
00:01:50]} cxd5 {[%clk 01:25:36]} {[%emt 00:00:07]} 17. Rfc1 {[%clk 01:25:02]}
{[%emt 00:01:33]} Bg4 {[%clk 01:24:11]} {[%emt 00:01:54]} 18. Ne5 {[%clk
01:24:11]} {[%emt 00:01:21]} Be6 {[%clk 01:23:10]} {[%emt 00:01:31]} 19. Qe2
{[%clk 01:19:09]} {[%emt 00:05:32]} Rc7 {[%clk 01:18:16]} {[%emt 00:05:24]} 20.
Rxc7 {[%clk 01:18:11]} {[%emt 00:01:27]} Qxc7 {[%clk 01:18:42]} {[%emt
00:00:05]} 21. Qb2 {[%clk 01:18:15]} {[%emt 00:00:25]} f6 {[%clk 01:16:52]}
{[%emt 00:02:21]} 22. Nf3 {[%clk 01:17:24]} {[%emt 00:01:21]} b6 {[%clk
01:15:26]} {[%emt 00:01:56]} 23. Rc1 {[%clk 01:17:21]} {[%emt 00:00:33]} Qb7
{[%clk 01:14:17]} {[%emt 00:01:40]} 24. Bc2 {[%clk 01:13:56]} {[%emt 00:03:55]}
Rc8 {[%clk 01:14:14]} {[%emt 00:00:32]} 25. Bb3 {[%clk 01:14:03]} {[%emt
00:00:23]} Rc7 {[%clk 01:11:34]} {[%emt 00:03:10]} 26. Ne1 {[%clk 01:12:45]}
{[%emt 00:01:47]} Qc8 {[%clk 01:10:59]} {[%emt 00:01:05]} 27. Rxc7 {[%clk
01:12:25]} {[%emt 00:00:51]} Qxc7 {[%clk 01:11:25]} {[%emt 00:00:03]} 28. Nd3
{[%clk 01:12:41]} {[%emt 00:00:15]} g5 {[%clk 01:11:38]} {[%emt 00:00:17]} 29.
Nb4 {[%clk 01:11:24]} {[%emt 00:01:47]} Qd6 {[%clk 01:10:46]} {[%emt 00:01:22]}
30. Qc3 {[%clk 01:10:11]} {[%emt 00:01:42]} a5 {[%clk 01:08:23]} {[%emt
00:02:53]} 31. Nd3 {[%clk 01:08:56]} {[%emt 00:01:46]} Ng6 {[%clk 01:08:01]}
{[%emt 00:00:52]} 32. Ba4 {[%clk 01:06:37]} {[%emt 00:02:48]} Ne7 {[%clk
01:07:39]} {[%emt 00:00:52]} 33. f4 {[%clk 01:04:47]} {[%emt 00:02:21]} h6
{[%clk 01:04:30]} {[%emt 00:03:40]} 34. g3 {[%clk 01:02:22]} {[%emt 00:02:54]}
Kg7 {[%clk 01:00:26]} {[%emt 00:04:34]} 35. Kf2 {[%clk 00:59:57]} {[%emt
00:02:55]} Bf5 {[%clk 00:57:23]} {[%emt 00:03:33]} 36. Ne1 {[%clk 00:57:49]}
{[%emt 00:02:38]} Be4 {[%clk 00:55:43]} {[%emt 00:02:10]} 37. Bc2 {[%clk
00:56:51]} {[%emt 00:01:28]} Bxc2 {[%clk 00:54:21]} {[%emt 00:01:52]} 38. Nxc2
{[%clk 00:56:23]} {[%emt 00:00:58]} Qc6 {[%clk 00:54:12]} {[%emt 00:00:39]} 39.
Qxc6 {[%clk 00:55:49]} {[%emt 00:01:03]} Nxc6 {[%clk 00:54:37]} {[%emt
00:00:05]} 40. Kf3 {[%clk 00:54:28]} {[%emt 00:01:51]} f5 {[%clk 00:52:57]}
{[%emt 00:02:11]} 41. Ke2 {[%clk 00:51:44]} {[%emt 00:03:15]} g4 {[%clk
00:50:06]} {[%emt 00:03:21]} 42. Kd2 {[%clk 00:48:58]} {[%emt 00:03:16]}
 1/2-1/2